[Event "4NCL/2001-02/D3/WS-SCS"]
[Site "Rd03-Birmingham"]
[Date "2001.11.24"]
[Round "3.2"]
[White "Rattray, Ross"]
[Black "Mason, Donald J"]
[Result "1/2-1/2"]
[WhiteElo "2050"]
[BlackElo "2284"]
[PlyCount "71"]
[EventDate "2001.11.24"]
[EventType "team-match"]
[EventCountry "ENG"]
[SourceTitle "BritBase"]
[Source "John Saunders"]
[SourceDate "2024.10.24"]
[SourceVersion "1"]
[SourceVersionDate "2024.10.24"]
[SourceQuality "1"]
[WhiteTeam "Southern Counties Stars"]
[BlackTeam "Warwickshire Select"]
[WhiteTeamCountry "ENG"]
[BlackTeamCountry "ENG"]

1. e4 e6 2. d4 d5 3. Nc3 Bb4 4. Nge2 Nc6 5. e5 f6 6. exf6 Qxf6 7. Be3 Nh6 8. Qd2 O-O 9. O-O-O Ng4 10. f3 Nxe3 11. Qxe3 Bd7 12. a3 Bd6 13. Nb5 Na5 14. Nxd6 cxd6 15. Ng3 Rac8 16. Kb1 Nc4 17. Bxc4 Rxc4 18. Rd2 b5 19. b3 Rc6 20. Rf1 Rfc8 21. Nh5 Qg6 22. Nf4 Qh6 23. g3 Rc3 24. Qe1 a5 25. Ne2 Re3 26. h4 a4 27. Qd1 axb3 28. c3 b4 29. axb4 Bb5 30. Re1 Qg6+ 31. Kb2 Bxe2 32. Rdxe2 Rexc3 33. Rxe6 Rc2+ 34. Kxb3 R2c3+ 35. Kb2 Rc2+ 36. Kb3 1/2-1/2

[Event "4NCL/2001-02/D3/WS-SCS"]
[Site "Rd03-Birmingham"]
[Date "2001.11.24"]
[Round "3.3"]
[White "Thomas, Nicholas"]
[Black "Clark, Stephen P"]
[Result "1/2-1/2"]
[WhiteElo "2237"]
[BlackElo "2101"]
[PlyCount "59"]
[EventDate "2001.11.24"]
[EventType "team-match"]
[EventCountry "ENG"]
[SourceTitle "BritBase"]
[Source "John Saunders"]
[SourceDate "2024.10.24"]
[SourceVersion "1"]
[SourceVersionDate "2024.10.24"]
[SourceQuality "1"]
[WhiteTeam "Warwickshire Select"]
[BlackTeam "Southern Counties Stars"]
[WhiteTeamCountry "ENG"]
[BlackTeamCountry "ENG"]

1. e4 d5 2. exd5 Nf6 3. Nc3 Nxd5 4. Bc4 Nb6 5. Bb3 Nc6 6. Nf3 Bf5 7. d4 e6 8. O-O Be7 9. Bf4 O-O 10. Nb5 Rc8 11. Ne5 Nxe5 12. dxe5 a6 13. Nd4 c5 14. Nxf5 exf5 15. c3 c4 16. Bc2 Nd5 17. Qf3 Nxf4 18. Qxf4 g6 19. Rfd1 Qb6 20. Rab1 Qe6 21. Re1 Rfd8 22. Re2 b5 23. b4 Rd5 24. Rbe1 Bd8 25. h3 h5 26. Rd2 Rxd2 27. Qxd2 Bb6 28. Qd6 Rd8 29. Qxe6 fxe6 30. Rd1 1/2-1/2

[Event "4NCL/2001-02/D3/WS-SCS"]
[Site "Rd03-Birmingham"]
[Date "2001.11.24"]
[Round "3.4"]
[White "Habibi, Amir"]
[Black "Pitcher, John T"]
[Result "1/2-1/2"]
[WhiteElo "2061"]
[BlackElo "2128"]
[PlyCount "121"]
[EventDate "2001.11.24"]
[EventType "team-match"]
[EventCountry "ENG"]
[SourceTitle "BritBase"]
[Source "John Saunders"]
[SourceDate "2024.10.24"]
[SourceVersion "1"]
[SourceVersionDate "2024.10.24"]
[SourceQuality "1"]
[WhiteTeam "Southern Counties Stars"]
[BlackTeam "Warwickshire Select"]
[WhiteTeamCountry "ENG"]
[BlackTeamCountry "ENG"]

1. e4 c5 2. Nf3 e6 3. d4 cxd4 4. Nxd4 a6 5. Bd3 g6 6. O-O Bg7 7. Nb3 Nc6 8. Nc3 Qc7 9. Qe2 Nf6 10. f4 d6 11. a4 b6 12. Be3 Bb7 13. Qf2 Nd7 14. Qh4 Qd8 15. Qh3 Qe7 16. Rae1 Nb4 17. f5 e5 18. Qg3 Rc8 19. Qf2 O-O 20. Bxb6 d5 21. exd5 Nxd3 22. cxd3 Qb4 23. Na5 Nxb6 24. Nxb7 Nd7 25. Ne4 Qxb7 26. Nd6 Qxd5 27. Nxc8 Rxc8 28. Kh1 a5 29. h3 Rb8 30. Rc1 Nf6 31. fxg6 hxg6 32. Rc5 Qxd3 33. Rxe5 Rxb2 34. Qe1 Qc2 35. Qg3 Qxa4 36. Qg5 Qc6 37. Rxa5 Kh7 38. Raa1 Rb3 39. Qh4+ Nh5 40. Rxf7 Rg3 41. Ra2 Rd3 42. Raf2 Kg8 43. Qg4 Qc1+ 44. Rf1 Ng3+ 45. Qxg3 Qxf1+ 46. Rxf1 Rxg3 47. Rb1 Rd3 48. Rb8+ Kh7 49. Rb7 Kh6 50. Rb5 Re3 51. Kg1 Re2 52. Rd5 Bf6 53. Kf1 Re5 54. Rxe5 Bxe5 55. Kf2 Kg5 56. g3 Kf5 57. Kf3 Bf6 58. h4 Be7 59. g4+ Ke5 60. g5 Bxg5 61. h5 1/2-1/2

[Event "4NCL/2001-02/D3/WS-SCS"]
[Site "Rd03-Birmingham"]
[Date "2001.11.24"]
[Round "3.5"]
[White "Wu, Li"]
[Black "Lutton, J Ezra"]
[Result "1/2-1/2"]
[WhiteElo "1984"]
[BlackElo "2093"]
[PlyCount "112"]
[EventDate "2001.11.24"]
[EventType "team-match"]
[EventCountry "ENG"]
[SourceTitle "BritBase"]
[Source "John Saunders"]
[SourceDate "2024.10.24"]
[SourceVersion "1"]
[SourceVersionDate "2024.10.24"]
[SourceQuality "1"]
[WhiteTeam "Warwickshire Select"]
[BlackTeam "Southern Counties Stars"]
[WhiteTeamCountry "ENG"]
[BlackTeamCountry "ENG"]

1. d4 e6 2. c4 Nf6 3. Nf3 b6 4. a3 Bb7 5. Nc3 d6 6. e3 Nbd7 7. Bd3 Be7 8. O-O O-O 9. b3 Re8 10. Bb2 Bf8 11. Qc2 h6 12. Rfd1 g6 13. d5 e5 14. b4 Bg7 15. e4 a5 16. Nd2 Rf8 17. Nf1 Kh8 18. Na4 Qe7 19. Ne3 Rfc8 20. Bc3 axb4 21. axb4 Kh7 22. f3 h5 23. Be1 Bh6 24. Bf2 Ne8 25. Nf1 Bg7 26. c5 bxc5 27. bxc5 c6 28. Rab1 Rab8 29. Rxb7 Rxb7 30. Ba6 Nxc5 31. Nxc5 dxc5 32. d6 Nxd6 33. Bxc5 Qc7 34. Rxd6 Rb5 35. Bxc8 Bf8 36. Ba6 Bxd6 37. Bxd6 Qa7+ 38. Kh1 Qxa6 39. Qc4 Qb7 40. Bc5 Rb1 41. Kg1 Kg7 42. h4 {(=)} Qb5 43. Qxb5 cxb5 44. Kf2 Rb2+ 45. Kg3 f5 46. exf5 gxf5 47. f4 Rc2 48. Bb6 exf4+ 49. Kxf4 Kg6 50. Ne3 Rf2+ 51. Kg3 Rd2 52. Bc5 Kf6 53. Kf4 Rf2+ 54. Kg3 Rd2 55. Kf4 Rf2+ 56. Kg3 Rd2 1/2-1/2

[Event "4NCL/2001-02/D3/WS-SCS"]
[Site "Rd03-Birmingham"]
[Date "2001.11.24"]
[Round "3.6"]
[White "Partington, Anna"]
[Black "Smyth, Martyn"]
[Result "1-0"]
[WhiteElo "1792"]
[BlackElo "1960"]
[PlyCount "69"]
[EventDate "2001.11.24"]
[EventType "team-match"]
[EventCountry "ENG"]
[SourceTitle "BritBase"]
[Source "John Saunders"]
[SourceDate "2024.10.24"]
[SourceVersion "1"]
[SourceVersionDate "2024.10.24"]
[SourceQuality "1"]
[WhiteTeam "Southern Counties Stars"]
[BlackTeam "Warwickshire Select"]
[WhiteTeamCountry "ENG"]
[BlackTeamCountry "ENG"]

1. d4 Nf6 2. Nf3 g6 3. Nc3 d5 4. Bf4 c6 5. e3 Bf5 6. Ne5 Nbd7 7. Be2 h5 8. Bd3 e6 9. a3 Be7 10. f3 Qb6 11. Qc1 c5 12. dxc5 Qxc5 13. Nxd7 Nxd7 14. e4 dxe4 15. fxe4 Bg4 16. h3 Bh4+ 17. g3 Bf6 18. hxg4 Bxc3+ 19. bxc3 Qxc3+ 20. Ke2 hxg4 21. Bd6 O-O-O 22. Qf4 f5 23. exf5 exf5 24. Qb4 Qc6 25. Rxh8 Rxh8 26. Kd2 b6 27. Re1 Nc5 28. Bxc5 bxc5 29. Qf4 Rd8 30. Kc3 Qb6 31. Re7 Rd5 32. Ba6+ Kd8 33. Rb7 Qf6+ 34. Kb3 Re5 35. Qd2+ 1-0

[Event "4NCL/2001-02/D3/WS-SCS"]
[Site "Rd03-Birmingham"]
[Date "2001.11.24"]
[Round "3.7"]
[White "Cooper, David M"]
[Black "Gosden, Raymond"]
[Result "1/2-1/2"]
[WhiteElo "1880"]
[BlackElo "1744"]
[PlyCount "73"]
[EventDate "2001.11.24"]
[EventType "team-match"]
[EventCountry "ENG"]
[SourceTitle "BritBase"]
[Source "John Saunders"]
[SourceDate "2024.10.24"]
[SourceVersion "1"]
[SourceVersionDate "2024.10.24"]
[SourceQuality "1"]
[WhiteTeam "Warwickshire Select"]
[BlackTeam "Southern Counties Stars"]
[WhiteTeamCountry "ENG"]
[BlackTeamCountry "ENG"]

1. e4 c5 2. Nf3 d6 3. d4 cxd4 4. Qxd4 Bd7 5. c4 Nc6 6. Qd2 Nf6 7. Nc3 g6 8. Be2 Bg7 9. O-O O-O 10. Rb1 a5 11. b3 Ng4 12. Bb2 Nce5 13. Nxe5 Nxe5 14. Rbd1 Bc6 15. f4 Nd7 16. Nd5 Bxb2 17. Qxb2 Nc5 18. Bf3 Bxd5 19. exd5 b5 20. cxb5 Qb6 21. Qd4 Qxb5 22. Rfe1 Ra7 23. Re3 Rc8 24. Be2 Qb4 25. Bc4 a4 26. f5 axb3 27. fxg6 fxg6 28. axb3 Rb7 29. Rf3 Nd7 30. Qg4 Qc5+ 31. Kh1 Ne5 32. Qe6+ Kg7 33. Rf4 Rf8 34. Rxf8 Kxf8 35. Rf1+ Kg7 36. h3 Qc7 37. Kh2 1/2-1/2

[Event "4NCL/2001-02/D3/WS-SCS"]
[Site "Rd03-Birmingham"]
[Date "2001.11.24"]
[Round "3.8"]
[White "Miller, Naomi"]
[Black "Wilcox, Charlotte"]
[Result "0-1"]
[WhiteElo "1344"]
[BlackElo "1392"]
[PlyCount "54"]
[EventDate "2001.11.24"]
[EventType "team-match"]
[EventCountry "ENG"]
[SourceTitle "BritBase"]
[Source "John Saunders"]
[SourceDate "2024.10.24"]
[SourceVersion "1"]
[SourceVersionDate "2024.10.24"]
[SourceQuality "1"]
[WhiteTeam "Southern Counties Stars"]
[BlackTeam "Warwickshire Select"]
[WhiteTeamCountry "ENG"]
[BlackTeamCountry "ENG"]

1. e4 c6 2. d4 d5 3. Nc3 dxe4 4. Nxe4 Bf5 5. Ng3 Bg6 6. Nf3 Nd7 7. Bf4 e6 8. Bd3 Bxd3 9. Qxd3 Ngf6 10. c4 Bb4+ 11. Bd2 Qa5 12. a3 Bxd2+ 13. Nxd2 Rd8 14. b4 Qc7 15. Nde4 Nxe4 16. Nxe4 O-O 17. Ng5 Nf6 18. Rd1 Qf4 19. h4 e5 20. Qe2 exd4 21. Kf1 d3 22. Qb2 Qxc4 23. Rd2 h6 24. Nf3 Ne4 25. Rd1 d2+ 26. Kg1 Qe2 27. Kh2 Nxf2 0-1

[Event "4NCL/2001-02/D3/AFC -WS"]
[Site "Rd04-Birmingham"]
[Date "2001.11.25"]
[Round "4.1"]
[White "Toothill, John"]
[Black "Dighton, Simon G"]
[Result "1/2-1/2"]
[WhiteElo "2192"]
[BlackElo "2234"]
[PlyCount "32"]
[EventDate "2001.11.25"]
[EventType "team-match"]
[EventCountry "ENG"]
[SourceTitle "BritBase"]
[Source "John Saunders"]
[SourceDate "2024.10.24"]
[SourceVersion "1"]
[SourceVersionDate "2024.10.24"]
[SourceQuality "1"]
[WhiteTeam "All Four Corners"]
[BlackTeam "Warwickshire Select"]
[WhiteTeamCountry "ENG"]
[BlackTeamCountry "ENG"]

1. e4 e6 2. d4 d5 3. Nc3 Bb4 4. exd5 exd5 5. Bd3 Nc6 6. Nge2 Bg4 7. f3 Bh5 8. O-O Nge7 9. Ng3 Bg6 10. Nce2 O-O 11. c3 Bxd3 12. Qxd3 Bd6 13. Bd2 Qd7 14. Rae1 a6 15. Qc2 Rae8 16. f4 Nc8 1/2-1/2

[Event "4NCL/2001-02/D3/AFC -WS"]
[Site "Rd04-Birmingham"]
[Date "2001.11.25"]
[Round "4.2"]
[White "Mason, Donald J"]
[Black "Spence, David J"]
[Result "1-0"]
[WhiteElo "2284"]
[BlackElo "2175"]
[PlyCount "63"]
[EventDate "2001.11.25"]
[EventType "team-match"]
[EventCountry "ENG"]
[SourceTitle "BritBase"]
[Source "John Saunders"]
[SourceDate "2024.10.24"]
[SourceVersion "1"]
[SourceVersionDate "2024.10.24"]
[SourceQuality "1"]
[WhiteTeam "Warwickshire Select"]
[BlackTeam "All Four Corners"]
[WhiteTeamCountry "ENG"]
[BlackTeamCountry "ENG"]

1. e4 e6 2. d4 d5 3. Nd2 Nf6 4. Bd3 c5 5. c3 Nc6 6. Ngf3 Be7 7. O-O dxe4 8. Nxe4 cxd4 9. cxd4 O-O 10. Nc3 Nb4 11. Bb1 b6 12. a3 Nbd5 13. Ne5 Bb7 14. Re1 Rc8 15. Qd3 Nxc3 16. bxc3 Qc7 17. Bd2 g6 18. Qh3 Bd5 19. Qh6 Rfd8 20. Re3 Bd6 21. Qh4 Nh5 22. g4 Be7 23. Qh3 Nf6 24. Bd3 Bb7 25. Rae1 Bxa3 26. Qh4 Be7 27. Nxf7 Kxf7 28. Rxe6 Re8 29. Rxf6+ Bxf6 30. Qxh7+ Kf8 31. Bh6+ Bg7 32. Qh8+ 1-0

[Event "4NCL/2001-02/D3/AFC -WS"]
[Site "Rd04-Birmingham"]
[Date "2001.11.25"]
[Round "4.3"]
[White "Savory, Richard J"]
[Black "Hynes, Anthony M"]
[Result "0-1"]
[WhiteElo "2115"]
[BlackElo "2232"]
[PlyCount "74"]
[EventDate "2001.11.25"]
[EventType "team-match"]
[EventCountry "ENG"]
[SourceTitle "BritBase"]
[Source "John Saunders"]
[SourceDate "2024.10.24"]
[SourceVersion "1"]
[SourceVersionDate "2024.10.24"]
[SourceQuality "1"]
[WhiteTeam "All Four Corners"]
[BlackTeam "Warwickshire Select"]
[WhiteTeamCountry "ENG"]
[BlackTeamCountry "ENG"]

1. e4 e5 2. Nf3 Nc6 3. d4 exd4 4. Nxd4 Nf6 5. Nxc6 bxc6 6. e5 Qe7 7. Qe2 Nd5 8. c4 Ba6 9. b3 g6 10. Bb2 Bg7 11. g3 O-O 12. Bg2 Rae8 13. O-O f6 14. Qd2 Nb6 15. Ba3 c5 16. Nc3 fxe5 17. Nd5 Nxd5 18. Qxd5+ Kh8 19. Bxc5 d6 20. Bxa7 c6 21. Qxc6 Qxa7 22. Qxd6 e4 23. Rad1 Bc8 24. Qd2 Bg4 25. Rde1 Bf5 26. Re2 Rd8 27. Qc1 Bd4 28. Kh1 Rfe8 29. g4 Bxg4 30. Rxe4 Rxe4 31. Bxe4 Bh3 32. Rd1 Qxa2 33. Rd2 Qa5 34. Qd1 Qe5 35. Qf3 Ra8 36. Rd1 Re8 37. Bxg6 Qe1+ 0-1

[Event "4NCL/2001-02/D3/AFC -WS"]
[Site "Rd04-Birmingham"]
[Date "2001.11.25"]
[Round "4.4"]
[White "Thomas, Nicholas"]
[Black "Milnes, Anthony CP"]
[Result "1/2-1/2"]
[WhiteElo "2237"]
[BlackElo "2138"]
[PlyCount "30"]
[EventDate "2001.11.25"]
[EventType "team-match"]
[EventCountry "ENG"]
[SourceTitle "BritBase"]
[Source "John Saunders"]
[SourceDate "2024.10.24"]
[SourceVersion "1"]
[SourceVersionDate "2024.10.24"]
[SourceQuality "1"]
[WhiteTeam "Warwickshire Select"]
[BlackTeam "All Four Corners"]
[WhiteTeamCountry "ENG"]
[BlackTeamCountry "ENG"]

1. e4 e6 2. d4 d5 3. Nc3 Bb4 4. e5 c5 5. Qg4 Ne7 6. dxc5 Nbc6 7. Bd2 O-O 8. Bd3 f5 9. exf6 Rxf6 10. Qh5 g6 11. Qh4 Nf5 12. Bxf5 Rxf5 13. Qxd8+ Nxd8 14. Nf3 Bxc5 15. a3 Bd7 1/2-1/2

[Event "4NCL/2001-02/D3/AFC -WS"]
[Site "Rd04-Birmingham"]
[Date "2001.11.25"]
[Round "4.5"]
[White "Phillips, David"]
[Black "Pitcher, John T"]
[Result "0-1"]
[WhiteElo "1984"]
[BlackElo "2128"]
[PlyCount "84"]
[EventDate "2001.11.25"]
[EventType "team-match"]
[EventCountry "ENG"]
[SourceTitle "BritBase"]
[Source "John Saunders"]
[SourceDate "2024.10.24"]
[SourceVersion "1"]
[SourceVersionDate "2024.10.24"]
[SourceQuality "1"]
[WhiteTeam "All Four Corners"]
[BlackTeam "Warwickshire Select"]
[WhiteTeamCountry "ENG"]
[BlackTeamCountry "ENG"]

1. e4 c5 2. Nf3 e6 3. d4 cxd4 4. Nxd4 a6 5. Nc3 Nc6 6. Nxc6 bxc6 7. Bd3 e5 8. O-O Nf6 9. Bg5 Be7 10. Qe2 d6 11. h3 h6 12. Be3 Qa5 13. a3 O-O 14. b4 Qc7 15. Na4 Nd7 16. c4 Bg5 17. Bxg5 hxg5 18. Qe3 f6 19. c5 d5 20. exd5 cxd5 21. Nb6 Nxb6 22. cxb6 Qd6 23. Rfc1 Rb8 24. Rc5 Rxb6 25. Qe2 e4 26. Rxd5 exd3 27. Rxd6 dxe2 28. Rxb6 Rd8 29. Re1 Rd1 30. f4 Rxe1+ 31. Kf2 Rc1 32. Kxe2 gxf4 33. a4 Kf7 34. Kf3 Rc4 35. a5 Ke7 36. h4 Rc6 37. Rb8 Kd7 38. b5 axb5 39. Rxb5 Rc4 40. Rf5 Bb7+ 41. Kf2 Ke6 42. Rb5 Rc2+ 0-1

[Event "4NCL/2001-02/D3/AFC -WS"]
[Site "Rd04-Birmingham"]
[Date "2001.11.25"]
[Round "4.6"]
[White "Wu, Li"]
[Black "Hardman, Michael J"]
[Result "1-0"]
[WhiteElo "1984"]
[BlackElo "1960"]
[PlyCount "69"]
[EventDate "2001.11.25"]
[EventType "team-match"]
[EventCountry "ENG"]
[SourceTitle "BritBase"]
[Source "John Saunders"]
[SourceDate "2024.10.24"]
[SourceVersion "1"]
[SourceVersionDate "2024.10.24"]
[SourceQuality "1"]
[WhiteTeam "Warwickshire Select"]
[BlackTeam "All Four Corners"]
[WhiteTeamCountry "ENG"]
[BlackTeamCountry "ENG"]

1. d4 Nf6 2. Bg5 c5 3. Bxf6 gxf6 4. d5 d6 5. e3 Bf5 6. c3 Nd7 7. Ne2 a6 8. a4 Qb6 9. Qd2 Ne5 10. Ng3 Bg4 11. f4 Ng6 12. f5 Nh4 13. a5 Qc7 14. e4 h5 15. Qf2 b5 16. h3 Nxf5 17. hxg4 Nxg3 18. Qxg3 Rg8 19. Rxh5 c4 20. Nd2 Qc5 21. Qf2 Qxf2+ 22. Kxf2 Rxg4 23. Be2 Rg7 24. b3 cxb3 25. Nxb3 Rc8 26. Rc1 e6 27. c4 b4 28. c5 dxc5 29. Bxa6 Rb8 30. Rh8 Kd7 31. Kf3 exd5 32. exd5 Rg3+ 33. Kxg3 Bd6+ 34. Kf3 Rxh8 35. Nxc5+ 1-0

[Event "4NCL/2001-02/D3/AFC -WS"]
[Site "Rd04-Birmingham"]
[Date "2001.11.25"]
[Round "4.7"]
[White "Truscott, Ian"]
[Black "Baruch, Andrew Jan Daniel"]
[Result "1-0"]
[WhiteElo "1680"]
[BlackElo "2064"]
[PlyCount "67"]
[EventDate "2001.11.25"]
[EventType "team-match"]
[EventCountry "ENG"]
[SourceTitle "BritBase"]
[Source "John Saunders"]
[SourceDate "2024.10.24"]
[SourceVersion "1"]
[SourceVersionDate "2024.10.24"]
[SourceQuality "1"]
[WhiteTeam "All Four Corners"]
[BlackTeam "Warwickshire Select"]
[WhiteTeamCountry "ENG"]
[BlackTeamCountry "ENG"]

1. d4 Nf6 2. Bg5 e6 3. e4 d6 4. Nd2 Nbd7 5. Ngf3 h6 6. Be3 a6 7. h3 c5 8. c3 Be7 9. Bd3 O-O 10. O-O b5 11. a4 cxd4 12. cxd4 Bb7 13. Qb3 Rb8 14. axb5 axb5 15. Rfc1 d5 16. e5 Ne4 17. Bf1 b4 18. Ne1 f5 19. Nd3 Qb6 20. Nf3 Ra8 21. Nf4 g5 22. Ng6 Rxa1 23. Rxa1 f4 24. Nxe7+ Kf7 25. Bc1 Kxe7 26. Ra4 Ba8 27. Rxb4 Qc7 28. Bd2 h5 29. Qd1 Rg8 30. Nh2 Qa5 31. Rb8 Nxd2 32. Rxg8 Ne4 33. Qxh5 Nf8 34. Qh8 1-0

[Event "4NCL/2001-02/D3/MSL-PP2"]
[Site "Rd04-Birmingham"]
[Date "2001.11.25"]
[Round "4.1"]
[White "Kenworthy, Gary"]
[Black "Winfridsson, Hakan"]
[Result "1/2-1/2"]
[WhiteElo "2274"]
[BlackElo "2200"]
[PlyCount "20"]
[EventDate "2001.11.25"]
[EventType "team-match"]
[EventCountry "ENG"]
[SourceTitle "BritBase"]
[Source "John Saunders"]
[SourceDate "2024.10.24"]
[SourceVersion "1"]
[SourceVersionDate "2024.10.24"]
[SourceQuality "1"]
[WhiteTeam "Mind Sports Ltd"]
[BlackTeam "Poisoned Pawns 2"]
[WhiteTeamCountry "ENG"]
[BlackTeamCountry "ENG"]

1. e4 e5 2. Nf3 Nc6 3. d4 exd4 4. c3 d5 5. exd5 Qxd5 6. cxd4 Bg4 7. Be2 Bb4+ 8. Nc3 Bxf3 9. Bxf3 Qc4 10. Qb3 Qxb3 1/2-1/2

[Event "4NCL/2001-02/D3/MSL-PP2"]
[Site "Rd04-Birmingham"]
[Date "2001.11.25"]
[Round "4.2"]
[White "Hansen, Hans-Peter"]
[Black "Coleman, James"]
[Result "1/2-1/2"]
[WhiteElo "2144"]
[BlackElo "2137"]
[PlyCount "51"]
[EventDate "2001.11.25"]
[EventType "team-match"]
[EventCountry "ENG"]
[SourceTitle "BritBase"]
[Source "John Saunders"]
[SourceDate "2024.10.24"]
[SourceVersion "1"]
[SourceVersionDate "2024.10.24"]
[SourceQuality "1"]
[WhiteTeam "Poisoned Pawns 2"]
[BlackTeam "Mind Sports Ltd"]
[WhiteTeamCountry "ENG"]
[BlackTeamCountry "ENG"]

1. c4 e5 2. Nc3 Nc6 3. Nf3 Nf6 4. g3 Nd4 5. Bg2 Nxf3+ 6. Bxf3 Bb4 7. Qb3 Bxc3 8. Qxc3 d6 9. d3 O-O 10. b4 Re8 11. b5 e4 12. dxe4 Nxe4 13. Qd4 Ng5 14. Bxg5 Qxg5 15. O-O Qe5 16. Rfd1 Qxd4 17. Rxd4 Rb8 18. e3 b6 19. a4 a5 20. Bd5 Re7 21. Kg2 Bd7 22. Rad1 Rbe8 23. Rf4 Be6 24. Kf3 h5 25. Bxe6 Rxe6 26. Rd5 1/2-1/2

[Event "4NCL/2001-02/D3/MSL-PP2"]
[Site "Rd04-Birmingham"]
[Date "2001.11.25"]
[Round "4.3"]
[White "Parker, Robert"]
[Black "Day, Tom W"]
[Result "1-0"]
[WhiteElo "2120"]
[BlackElo "2115"]
[PlyCount "62"]
[EventDate "2001.11.25"]
[EventType "team-match"]
[EventCountry "ENG"]
[SourceTitle "BritBase"]
[Source "John Saunders"]
[SourceDate "2024.10.24"]
[SourceVersion "1"]
[SourceVersionDate "2024.10.24"]
[SourceQuality "1"]
[WhiteTeam "Mind Sports Ltd"]
[BlackTeam "Poisoned Pawns 2"]
[WhiteTeamCountry "ENG"]
[BlackTeamCountry "ENG"]

1. d4 d5 2. c4 e6 3. Nc3 Nf6 4. Bg5 Nbd7 5. cxd5 exd5 6. e3 Be7 7. Nf3 c6 8. Rc1 O-O 9. Bd3 Re8 10. O-O h6 11. Bf4 Nf8 12. h3 N6h7 13. Ne5 Bd6 14. Qf3 Qf6 15. Qh5 Re7 16. Bg3 Qg5 17. Qxg5 hxg5 18. Nxc6 bxc6 19. Bxd6 Re6 20. Ba3 Rh6 21. Na4 Bd7 22. Nc5 Re8 23. Rc3 Nf6 24. Rfc1 g4 25. Nxd7 N8xd7 26. hxg4 g5 27. f3 Kg7 28. Kf2 c5 29. dxc5 d4 30. exd4 Nd5 31. Rb3 Ne3 1-0

[Event "4NCL/2001-02/D3/MSL-PP2"]
[Site "Rd04-Birmingham"]
[Date "2001.11.25"]
[Round "4.4"]
[White "Young, Craig A"]
[Black "Almond, Richard JA"]
[Result "1/2-1/2"]
[WhiteElo "2113"]
[BlackElo "2136"]
[PlyCount "49"]
[EventDate "2001.11.25"]
[EventType "team-match"]
[EventCountry "ENG"]
[SourceTitle "BritBase"]
[Source "John Saunders"]
[SourceDate "2024.10.24"]
[SourceVersion "1"]
[SourceVersionDate "2024.10.24"]
[SourceQuality "1"]
[WhiteTeam "Poisoned Pawns 2"]
[BlackTeam "Mind Sports Ltd"]
[WhiteTeamCountry "ENG"]
[BlackTeamCountry "ENG"]

1. Nf3 d5 2. d4 Nf6 3. c4 e6 4. Nc3 Be7 5. Bf4 O-O 6. e3 c5 7. dxc5 Bxc5 8. Qc2 Qe7 9. O-O-O Nc6 10. cxd5 exd5 11. Nxd5 Nxd5 12. Rxd5 b6 13. Bd6 Bxd6 14. Qxc6 Bb8 15. Nd4 Bb7 16. Rd7 Bxc6 17. Rxe7 Bd5 18. Kb1 Rd8 19. Bb5 Bd6 20. Rd7 Rxd7 21. Bxd7 Bxg2 22. Rg1 Be4+ 23. Ka1 Rd8 24. Rg4 Bg6 25. Ba4 1/2-1/2

[Event "4NCL/2001-02/D3/MSL-PP2"]
[Site "Rd04-Birmingham"]
[Date "2001.11.25"]
[Round "4.5"]
[White "Purdon, Colin"]
[Black "Winfridsson, Ola"]
[Result "0-1"]
[WhiteElo "2097"]
[BlackElo "2032"]
[PlyCount "34"]
[EventDate "2001.11.25"]
[EventType "team-match"]
[EventCountry "ENG"]
[SourceTitle "BritBase"]
[Source "John Saunders"]
[SourceDate "2024.10.24"]
[SourceVersion "1"]
[SourceVersionDate "2024.10.24"]
[SourceQuality "1"]
[WhiteTeam "Mind Sports Ltd"]
[BlackTeam "Poisoned Pawns 2"]
[WhiteTeamCountry "ENG"]
[BlackTeamCountry "ENG"]

1. d4 Nf6 2. c4 e6 3. Nc3 Bb4 4. e3 c5 5. Bd3 Nc6 6. Nf3 Bxc3+ 7. bxc3 d6 8. Nd2 e5 9. O-O O-O 10. Rb1 b6 11. Ne4 Na5 12. f4 exd4 13. cxd4 Bf5 14. Nxf6+ Qxf6 15. Kh1 Qg6 16. g4 Bxd3 17. f5 Be4+ 0-1

[Event "4NCL/2001-02/D3/MSL-PP2"]
[Site "Rd04-Birmingham"]
[Date "2001.11.25"]
[Round "4.6"]
[White "Retallick, Lloyd"]
[Black "Grigoryan, Meri"]
[Result "0-1"]
[WhiteElo "1992"]
[BlackElo "2036"]
[PlyCount "52"]
[EventDate "2001.11.25"]
[EventType "team-match"]
[EventCountry "ENG"]
[SourceTitle "BritBase"]
[Source "John Saunders"]
[SourceDate "2024.10.24"]
[SourceVersion "1"]
[SourceVersionDate "2024.10.24"]
[SourceQuality "1"]
[WhiteTeam "Poisoned Pawns 2"]
[BlackTeam "Mind Sports Ltd"]
[WhiteTeamCountry "ENG"]
[BlackTeamCountry "ENG"]

1. d4 d5 2. c4 e5 3. dxe5 d4 4. e3 Bb4+ 5. Bd2 dxe3 6. Qa4+ Nc6 7. Bxb4 exf2+ 8. Kxf2 Qh4+ 9. g3 Qd4+ 10. Kg2 Qxb2+ 11. Be2 Qxa1 12. Nf3 Qb2 13. Bd2 Bd7 14. Qd1 Nd4 15. Nxd4 Qxd4 16. Bc3 Bc6+ 17. Bf3 Qxc4 18. Rf1 Rd8 19. Qe1 Qxa2+ 20. Kg1 Bxf3 21. Rxf3 Qe6 22. Nd2 Ne7 23. Ne4 O-O 24. Qc1 Qg4 25. Qf4 Qxf4 26. gxf4 Nf5 0-1

[Event "4NCL/2001-02/D3/MSL-PP2"]
[Site "Rd04-Birmingham"]
[Date "2001.11.25"]
[Round "4.7"]
[White "Broomfield, Lucy J"]
[Black "Quintana, Marcos I"]
[Result "0-1"]
[WhiteElo "2072"]
[BlackElo "1850"]
[PlyCount "70"]
[EventDate "2001.11.25"]
[EventType "team-match"]
[EventCountry "ENG"]
[SourceTitle "BritBase"]
[Source "John Saunders"]
[SourceDate "2024.10.24"]
[SourceVersion "1"]
[SourceVersionDate "2024.10.24"]
[SourceQuality "1"]
[WhiteTeam "Mind Sports Ltd"]
[BlackTeam "Poisoned Pawns 2"]
[WhiteTeamCountry "ENG"]
[BlackTeamCountry "ENG"]

1. e4 e6 2. d3 d5 3. Nd2 Nf6 4. Qe2 Be7 5. g3 dxe4 6. Nxe4 Nxe4 7. Qxe4 Bd7 8. Nf3 Bc6 9. Qe2 Nd7 10. Bg2 Bf6 11. O-O O-O 12. d4 Re8 13. Bf4 Rc8 14. Rfe1 b6 15. Rad1 Ba8 16. h4 Qe7 17. Qa6 Qb4 18. b3 Qc3 19. Qe2 g6 20. a4 a5 21. Ne5 Nxe5 22. Bxe5 Bxg2 23. Kxg2 Bxe5 24. dxe5 Red8 25. Rh1 Rd5 26. Rxd5 exd5 27. h5 Re8 28. hxg6 hxg6 29. Re1 Re6 30. f4 Rc6 31. Rc1 d4 32. Rd1 Qxc2 33. Qxc2 Rxc2+ 34. Kh3 c5 35. Re1 Rc3 0-1